[Event "Granada Region-ch"]
[Site "Granada"]
[Date "2013.??.??"]
[Round "3.7"]
[White "Romero Fernandez, Angel"]
[Black "Rosales Tapia, David"]
[Result "0-1"]
[WhiteElo "1177"]
[BlackElo "1447"]
[PlyCount "46"]
[EventDate "2013.01.20"]
[EventType "swiss"]
[EventRounds "6"]
[EventCountry "ESP"]
[SourceTitle "EXT 2024"]
[Source "ChessBase"]
[SourceDate "2023.10.10"]
[SourceVersion "1"]
[SourceVersionDate "2023.10.10"]
[SourceQuality "1"]

1. e4 c5 2. Nc3 Nc6 3. Nf3 d6 4. h3 Nf6 5. Bc4 a6 6. d3 e6 7. Bg5 Be7 8. Qd2 0-0 9. Qf4 e5 10. Qg3 Nd4 11. Bh6 Nh5 12. Qh2 Nxc2+ 13. Ke2 Nxa1 14. Bxg7 Nxg7 15. Rxa1 Re8 16. Rh1 Bf8 17. Qg3 Be6 18. Nd5 b5 19. Bb3 a5 20. Ng5 a4 21. Bc2 Bxd5 22. Qh4 h5 23. exd5 Be7 0-1